| Tag |
First Indicator |
Second Indicator |
Subfields |
| LEADER |
00000cam a22000008a 4500 |
| 001 |
in00000015302 |
| 005 |
20151007053028.0 |
| 008 |
870305s1988 enk b 00110 eng |
| 010 |
|
|
|a 87007630
|
| 020 |
|
|
|a 0192122673 :
|c $45.00 (U.S.)
|
| 035 |
|
|
|a (OCoLC)15629994
|
| 035 |
|
|
|9 AAB0118AM
|
| 040 |
|
|
|a DLC
|c DLC
|d m/c
|d TXA
|d UtOrBLW
|
| 043 |
|
|
|a e-uk---
|a e-sp---
|
| 049 |
|
|
|a TXAM
|c [A11069527]
|
| 050 |
0 |
0 |
|a PR478.S57
|b C86 1987
|
| 050 |
|
4 |
|a PR478.S57
|b C86 1988
|
| 082 |
0 |
|
|a 820/.9/00912
|2 19
|
| 100 |
1 |
|
|a Cunningham, Valentine.
|
| 245 |
1 |
0 |
|a British writers of the thirties /
|c Valentine Cunningham.
|
| 263 |
|
|
|a 8710
|
| 264 |
|
1 |
|a Oxford [Oxfordshire] ;
|a New York :
|b Oxford University Press,
|c 1988.
|
| 300 |
|
|
|a 530 pages
|
| 336 |
|
|
|a text
|b txt
|2 rdacontent
|
| 337 |
|
|
|a unmediated
|b n
|2 rdamedia
|
| 338 |
|
|
|a volume
|b nc
|2 rdacarrier
|
| 504 |
|
|
|a Bibliography: pages [476]-503.
|
| 500 |
|
|
|a Includes index.
|
| 650 |
|
0 |
|a English literature
|y 20th century
|x History and criticism.
|
| 650 |
|
0 |
|a Literature and society
|z Great Britain
|x History
|y 20th century.
|
| 650 |
|
0 |
|a Popular culture
|z Great Britain.
|
| 651 |
|
0 |
|a Spain
|x History
|y Civil War, 1936-1939
|x Literature and the war.
|
| 999 |
|
|
|a MARS
|
| 999 |
f |
f |
|s 34dbc164-e3a4-37fa-9366-55aa34850ab4
|i 4f8f33c5-4d55-32a8-953e-581265950d14
|t 0
|
| 952 |
f |
f |
|p normal
|a Texas A&M University
|b College Station
|c Sterling C. Evans Library
|d Evans: Library Stacks
|t 0
|e PR478.S57 C86 1987
|h Library of Congress classification
|i unmediated -- volume
|m A14811069527
|
| 998 |
f |
f |
|a PR478.S57 C86 1987
|t 0
|l Evans: Library Stacks
|